| 000 | 00000nas 2200000za 4500 |
| 001 | 9.808535 |
| 003 | CaOODSP |
| 005 | 20221107140418 |
| 007 | cr ||||||||||| |
| 008 | 150406d19972000nsc x m o||||f0 |0fre|d |
| 022 | |y1480-4883 |
| 040 | |aCaOODSP|bfre |
| 041 | |aeng|afre |
| 043 | |an-cnm--|an-cn-nf|an-cn-qu |
| 086 | 1 |aFs70-1-PDF |
| 245 | 00|aSecrétariat canadien pour l'évaluation des stocks, document de recherche |h[ressource électronique] = |bCanadian Stock Assessment Secretariat research document. |
| 246 | 1 |aCanadian Stock Assessment Secretariat research document |
| 260 | |aHalifax, N.S. : |bSecrétariat canadien pour l'évaluation des stocks, |c[1997]-2000. |
| 310 | |aIrrégulier |
| 362 | 1 |a97/1-2000/? |
| 500 | |aLieu de publication varie. |
| 546 | |aTexte en anglais ou en français; résumés dans les deux langues. |
| 710 | 1 |aCanada. |bMinistère des pêches et des océans. |
| 785 | 00|tSecrétariat canadien de consultation scientifique, document de recherche |w(CaOODSP)9.500506 |
| 791 | |tCanadian Stock Assessment Secretariat research document |eeng|w(CaOODSP)9.507740 |